000 00687nam a22002177a 4500
003 UA-OsUOA
001 65008
007 ta
008 20091111b un ||||| |||| 00| 0 ukr d
090 _a82.09(477)
_bЛ52
942 _cBK
040 _aUA-OsUOA
_brus
_cUA-OsUOA
_dUA-OsUOA
245 _aЛетопись жизни и творчества Н. В. Гоголя: Нежинский период (1820 - 1828)
_cЖаркевич Н. М.
300 _a258 с.
955 _a2
041 _arus
080 _a82.09(477)
260 _aНежин
_bАспект-Полыграф
_c2009
650 7 _a82 Література. Літературознавство
_2UDC
999 _c351116
_d351116